000 00638nam a22001817a 4500
999 _c20203
_d20203
008 240430b ||||| |||| 00| 0 eng d
020 _a9786214182916
082 _aDFil 363.254
_bC398 2023
100 _aChavez, Carmelita B.
_956868
245 _aManual on lie detection techniques /
_cCarmelita B. Chavez and Nestor C. Nabe.
250 _aSecond edition.
260 _aQuezon City :
_bWiseman's Books Trading, Inc.,
_c©2023.
300 _aii, 53 pages :
_billustrations ;
_c28 cm.
500 _aIncludes appendices.
650 _aLie detectors and detection
_956894
700 _aNabe, Nestor C.
_eauthor.
_912047
942 _2ddc
_cDFIL